000 00704nam a22002055i 4500
001 155197
003 ES-MaACL
005 20230906210007.0
008 040727s1861 fr |||| | fre d
040 _aCAM
_bspa
_cCAM
100 1 _aHeine, Heinrich.
_962371
245 1 0 _aLutèce
_b: lettres sur la vie politique, artistique et sociale de la France /
_cpar Henri Heine.
250 _aNouvelle éd.
260 _aParis :
_bMichel Lévy Frères,
_c1861 (
_fTyp. de Pillet fils ainé)
300 _aXV, 420 p. ;
_c18 cm.
490 1 _aOeuvres complètes de Henri Heine
830 0 _aOeuvres complètes de Henri Heine
_9187928
852 _aES-MaACL
_jC/683
_z-- Enc. hol.
999 _c155197
_d155197